LEADER 04574nam 22005775 450 001 9910349558303321 005 20251116221020.0 010 $a3-030-15273-1 024 7 $a10.1007/978-3-030-15273-4 035 $a(CKB)4100000008785933 035 $a(MiAaPQ)EBC5843048 035 $a(DE-He213)978-3-030-15273-4 035 $a(PPN)238491250 035 $a(EXLCZ)994100000008785933 100 $a20190729d2019 u| 0 101 0 $aeng 135 $aurcnu|||||||| 181 $ctxt$2rdacontent 182 $cc$2rdamedia 183 $acr$2rdacarrier 200 10$aAdvanced Techniques in Minimally Invasive and Robotic Colorectal Surgery /$fedited by Ovunc Bardakcioglu 205 $a2nd ed. 2019. 210 1$aCham :$cSpringer International Publishing :$cImprint: Springer,$d2019. 215 $a1 online resource (xiv, 162 pages) $cillustrations 300 $aIncludes index. 311 08$a3-030-15272-3 327 $aLaparoscopic-Assisted Polypectomy -- Endoscopic Submucosal Dissection -- Fluorescence in Colorectal Surgery -- History and Future of Robotic Colorectal Surgery -- Teaching Robotic Colorectal Surgery -- Robotic Right Hemicolectomy with Intracorporeal Anastomosis -- Left-sided colorectal resection with Natural orifice IntraCorporeal anastomosis with Extraction: the NICE procedure -- Robotic Total Mesocolic Excision -- Robotic Hartmann`s Reversal -- Robotic Ventral Mesh Rectopexy -- Robotic Total Colectomy -- Robotic Proctectomy and Ileoanal Pouch Creation -- Robotic abdominoperineal resection, cylindrical and selective cylindrical approach -- Robotic Rectus Muscle Flap For Reconstruction in the Pelvis -- History and Future of Transanal Minimally Invasive Surgery -- Robotic Transanal Minimally Invasive Surgery (TAMIS) -- Transanal Total Mesorectal Excision, Single Surgeon Approach -- Transanal Total Mesorectal Excision for Inflammatory Bowel Disease, Cecil approach. 330 $aThe first edition laid out the foundation with laparoscopic and robotic surgery utilizing the Da Vinci SI platform. Since then, many new advances in equipment and surgical techniques are becoming more popular. This second edition expands upon laparoscopic and endoscopic techniques and robotic surgery with the use of the new Da Vinci XI platform. This book bridges the gap between the practicing community of surgeons and the surgical innovators and provides a foundation for all classic and new techniques in minimally invasive colorectal surgery. By enhancing the surgical toolbox, the surgeon is able to progress from the novice to the master. Rather than describing the entire operative procedure by an individual author, this book compares operative steps of various technical difficulties throughout different chapters, thereby allowing the surgeon to tailor surgery to patient and surgeon`s own comfort level and experience. Chapters are written by a myriad of renowned experts in the field and discuss the major advances in advanced laparoscopic and endoscopic, robotic, and transanal minimally invasive surgical techniques. Great emphasis is placed on transanal total mesorectal excision (TaTME), which is dramatically changing the surgical approach to rectal resections. The second edition of Advanced Techniques in Minimally Invasive and Robotic Colorectal Surgery serves as a valuable resource to general surgeons, colon and rectal surgeons, minimally invasive surgeons, as well as residents and fellows. 606 $aRectum?Surgery  606 $aMinimally invasive surgery 606 $aSurgery 606 $aUrology 606 $aColorectal Surgery$3https://scigraph.springernature.com/ontologies/product-market-codes/H59036 606 $aMinimally Invasive Surgery$3https://scigraph.springernature.com/ontologies/product-market-codes/H59052 606 $aGeneral Surgery$3https://scigraph.springernature.com/ontologies/product-market-codes/H59044 606 $aUrology$3https://scigraph.springernature.com/ontologies/product-market-codes/H62002 615 0$aRectum?Surgery . 615 0$aMinimally invasive surgery. 615 0$aSurgery. 615 0$aUrology. 615 14$aColorectal Surgery. 615 24$aMinimally Invasive Surgery. 615 24$aGeneral Surgery. 615 24$aUrology. 676 $a617.555 676 $a617.5547059 702 $aBardakcioglu$b Ovunc$4edt$4http://id.loc.gov/vocabulary/relators/edt 906 $aBOOK 912 $a9910349558303321 996 $aAdvanced Techniques in Minimally Invasive and Robotic Colorectal Surgery$91734663 997 $aUNINA LEADER 05323nam 22005413a 450 001 9910633943403321 005 20240308185553.0 010 $a9781789697698 010 $a1789697697 035 $a(CKB)4950000000289870 035 $a(ScCtBLL)7cde357b-4533-452e-b5d0-450370655598 035 $a(MiAaPQ)EBC31203990 035 $a(Au-PeEL)EBL31203990 035 $a(OCoLC)1507694305 035 $a(oapen)doab71911 035 $a(ScCtBLL)cdf37ccd-d2eb-4b0d-9ab0-c893155d518a 035 $a(EXLCZ)994950000000289870 100 $a20211214i20202021 uu 101 0 $aeng 135 $auru|||||||||| 181 $ctxt$2rdacontent 182 $cc$2rdamedia 183 $acr$2rdacarrier 200 00$aAges and Abilities $eThe Stages of Childhood and their Social Recognition in Prehistoric Europe and Beyond /$fKatharina Rebay-Salisbury, Doris Pany-Kucera 205 $a1st ed. 210 $cArchaeopress Publishing$d2020 210 1$a[s.l.] :$cArchaeopress Publishing,$d2020. 215 $a1 online resource (265 p.) 225 1 $aChildhood in the Past Monograph Series 311 08$a9781789697681 311 08$a1789697689 327 $aChapter 1: Introduction. Children's developmental stages from biological, anthropological and archaeological perspectives -- Katharina Rebay-Salisbury and Doris Pany-Kucera -- Chapter 2: Weaponry and children: technological and social trajectories -- Kathryn A. Kamp and John C. Whittaker -- Chapter 3: How and when life is considered to have begun in past societies: child burials at the cemetery of Durankulak, north-east Bulgaria -- Ekaterina Alexandrova Stamboliyska-Petrova -- Chapter 4: Inherited rank and own abilities: children in Corded Ware and Bell Beaker communities of the Traisen Valley, Lower Austria -- Daniela Kern -- Chapter 5: The little ones in the Early Bronze Age: foetuses, newborns and infants in the U?ne?tice Culture in Bohemia, Moravia and Slovakia -- Lucie Ve?lova?, Katari?na Hladi?kova? and Klaudia Dan?ova? -- Chapter 6: Ages and life stages at the Middle Bronze Age cemetery of Pitten, Lower Austria -- Katharina Rebay-Salisbury, with contributions by Patrik Galeta, Walther Parson, Doris Pany-Kucera, Michaela Spannagl-Steiner and Christina Strobl -- Chapter 7: Children in the territory of Western Hungary during the Early and Middle Bronze Age: the recognition of developmental stages in the past -- Eszter Melis, Tama?s Hajdu, Kitti Ko?hler and Vikto?ria Kiss -- Chapter 8: Childhood in the Late Bronze and Early Iron Age in the southern Carpathian Basin -- Daria Loz?njak Dizdar and Petra Rajic? S?ikanjic? -- Chapter 9: Mycenaean childhood: Linear B script set against archaeological artefacts -- Beata Kaczmarek -- Chapter 10: Dumu.gaba, s?ih?ru e Gurus?/sal.Tur.tur -- Nadia Pezzulla -- Chapter 11: Identifying social and cultural thresholds in sub-adult burials -- Francesca Fulminante -- Chapter 12: Child personhood in Iron Age Veneto: insights from micro-scale contextual analysis and burial taphonomy -- Elisa Perego, Veronica Tamorri and Rafael Scopacasa -- Chapter 13: The recognition of children and child-specific burial practices at the necropolis of Spina, Italy -- Anna Serra -- Chapter 14: Greek children and their wheel carts on Attic Vases -- Hanna Ammar -- Chapter 15: Teeny-tiny little coffins: from the embrace of the mother to the embrace of Hades in ancient Greek society -- Alexandra Syrogianni -- Chapter 16: Pueri nascentes: rituals, birth and social recognition in Ancient Rome -- Irene Man?as Romero and Jose? Nicola?s Saiz Lo?pez. 330 $aAges and Abilities explores social responses to childhood stages from the late Neolithic to Classical Antiquity in Central Europe and the Mediterranean and includes cross-cultural comparison to expand the theoretical and methodological framework. By comparing osteological and archaeological evidence, as well as integrating images and texts, authors consider whether childhood age classes are archaeologically recognizable, at which approximated ages transitions took place, whether they are gradual or abrupt and different for girls and boys. Age transitions may be marked by celebrations and rituals; cultural accentuation of developmental stages may be reflected by inclusion or exclusion at cemeteries, by objects associated with childhood such as feeding vessels and toys, and gradual access to adult material culture. Access to tools, weapons and status symbols, as well as children's agency, rank and social status, are recurrent themes. The volume accounts for the variability in how a range of chronologically and geographically diverse communities perceived children and childhood, and at the same time, discloses universal trends in child development in the (pre-)historic past. 410 $aChildhood in the Past Monograph Series 517 $aAges and Abilities 606 $aPsychology / Developmental / Child$2bisacsh 606 $aPsychology 615 7$aPsychology / Developmental / Child 615 0$aPsychology. 676 $a305.231 702 $aRebay-Salisbury$b Katharina 702 $aPany-Kucera$b Doris 801 0$bScCtBLL 801 1$bScCtBLL 906 $aBOOK 912 $a9910633943403321 996 $aAges and Abilities$92989602 997 $aUNINA